[Event "ch-European Rapid 2013"]
[Site "Warsaw POL"]
[Date "2013.12.14"]
[Round "3.49"]
[White "Shkapenko, Pavel"]
[Black "Kielar, Maciej"]
[Result "1-0"]
[WhiteTitle "IM"]
[WhiteElo "2406"]
[BlackElo "2103"]
[WhiteFideId "4151933"]
[BlackFideId "1134230"]
[EventDate "2013.12.14"]
[EventType "swiss"]

1. e4 c5 2. Nf3 g6 3. d4 cxd4 4. Nxd4 Bg7 5. c4 Nc6 6. Be3 Nf6 7. Nc3 O-O 8. Be2
d6 9. O-O Bd7 10. Qd2 Nxd4 11. Bxd4 Bc6 12. Bd3 a5 13. Rae1 Nd7 14. Bxg7 Kxg7
15. Re3 a4 16. Rh3 h5 17. Rxh5 gxh5 18. Qg5+ Kh8 19. Qxh5+ Kg8 20. Qg5+ Kh8 21.
Qh6+ Kg8 22. Re1 Ne5 23. Re3 f6 24. Be2 Kf7 25. Qh5+ Ke6 26. Qf5+ Kf7 27. Bh5+
Kg7 28. Rg3+ Kh8 29. Be8 1-0

[Event "ch-European Rapid 2013"]
[Site "Warsaw POL"]
[Date "2013.12.14"]
[Round "3.50"]
[White "Winski, Lukasz"]
[Black "Drozdowski, Kacper"]
[Result "0-1"]
[BlackTitle "IM"]
[WhiteElo "2137"]
[BlackElo "2463"]
[WhiteFideId "1130048"]
[BlackFideId "1136720"]
[EventDate "2013.12.14"]
[EventType "swiss"]

1. e4 c5 2. c3 d6 3. d4 Nf6 4. Bd3 Nc6 5. Ne2 g6 6. O-O Bg7 7. h3 O-O 8. Be3 b6
9. Nd2 Qc7 10. Rc1 e5 11. f4 exf4 12. Nxf4 Bb7 13. Qf3 Rae8 14. b4 Qd8 15. b5
Ne7 16. Qf2 Kh8 17. Rce1 Qa8 18. d5 Nd7 19. c4 Ne5 20. Bc2 Ng8 21. g4 a6 22. a4
axb5 23. cxb5 Nf6 24. g5 Nfd7 25. Qg2 c4 26. h4 c3 27. Nf3 Nxf3+ 28. Rxf3 Ne5
29. Rff1 Nc4 30. Kh2 Nxe3 31. Rxe3 Be5 32. Ref3 f5 33. gxf6 Rxf6 34. Kh1 Qd8 35.
Ne6 Qe7 36. Rxf6 Bxf6 37. h5 Bc8 38. Bb3 Be5 39. Qg4 Rf8 40. Rxf8+ Qxf8 41. Kg2
Qh6 42. hxg6 Qd2+ 43. Kf1 c2 44. g7+ Kg8 45. Bxc2 Qxc2 46. Qf3 Qc1+ 47. Kg2 Bxg7
48. Nxg7 Qb2+ 49. Kf1 Qxg7 50. Qe3 Qf6+ 51. Ke2 Bg4+ 52. Kd3 Qf1+ 53. Kc3 Qa1+
54. Kd2 Qd1+ 55. Kc3 Qa1+ 56. Kd2 Qb2+ 57. Ke1 h5 58. Qg5+ Kf7 59. Qf4+ Qf6 60.
Qe3 Qf3 0-1

[Event "ch-European Rapid 2013"]
[Site "Warsaw POL"]
[Date "2013.12.14"]
[Round "4.1"]
[White "Malakhov, Vladimir"]
[Black "Duda, Jan-Krzysztof"]
[Result "1-0"]
[WhiteTitle "GM"]
[BlackTitle "GM"]
[WhiteElo "2716"]
[BlackElo "2557"]
[WhiteFideId "4120787"]
[BlackFideId "1170546"]
[EventDate "2013.12.14"]
[EventType "swiss"]

1. e4 c5 2. Nf3 d6 3. d4 cxd4 4. Qxd4 a6 5. Be2 Nc6 6. Qe3 Bg4 7. O-O Nf6 8. Rd1
Nd7 9. b3 Rc8 10. c4 Bxf3 11. Bxf3 g6 12. Nc3 Bg7 13. Rb1 Qb6 14. Nd5 Qxe3 15.
Bxe3 e6 16. Nb6 Nxb6 17. Bxb6 Be5 18. Be2 Ke7 19. b4 Bc3 20. a3 e5 21. Bg4 Ra8
22. Rd5 h5 23. Bh3 Nd4 24. Bc7 Ne2+ 25. Kf1 Nf4 26. Bxd6+ Kf6 27. Rdd1 Nxh3 28.
gxh3 Bd4 29. f4 Rac8 30. Rxd4 exd4 31. Be5+ Ke6 32. Bxh8 Rxh8 33. Ke2 f5 34. Kd3
fxe4+ 35. Kxe4 Re8 36. c5 Kf6+ 37. Kxd4 Kf5 38. a4 Rd8+ 39. Kc4 Rd7 40. b5 axb5+
41. axb5 Rd2 42. c6 bxc6 43. b6 Rd8 44. b7 Rb8 45. Kc5 1-0

[Event "ch-European Rapid 2013"]
[Site "Warsaw POL"]
[Date "2013.12.14"]
[Round "4.2"]
[White "Socko, Monika"]
[Black "Korobov, Anton"]
[Result "0-1"]
[WhiteTitle "GM"]
[BlackTitle "GM"]
[WhiteElo "2440"]
[BlackElo "2713"]
[WhiteFideId "1106619"]
[BlackFideId "14105730"]
[EventDate "2013.12.14"]
[EventType "swiss"]

1. d4 Nf6 2. c4 g6 3. Nc3 Bg7 4. e4 d6 5. f3 O-O 6. Be3 Nc6 7. Nge2 a6 8. Qd2
Na5 9. Nf4 b5 10. cxb5 axb5 11. Bxb5 Nb3 12. Qd1 Nxa1 13. Qxa1 Ba6 14. Bxa6 Rxa6
15. O-O c6 16. Qc1 Qa5 17. Nd3 Rb8 18. a4 Nd7 19. b4 Qb6 20. a5 Qb7 21. Rd1 Rc8
22. Bf2 Raa8 23. Qa3 Qa6 24. Nb2 Rab8 25. Qa4 Nf8 26. Qa3 Rb7 27. d5 c5 28. b5
Rxb5 29. Nxb5 Qxb5 30. Nd3 Ra8 31. Be1 Nd7 32. g3 Bd4+ 33. Kh1 Ne5 34. f4 Nc4
35. Qa2 Ne3 36. Qb1 Qd7 37. Rd2 Qh3 38. Rf2 Ng4 39. Rg2 Nxh2 0-1

[Event "ch-European Rapid 2013"]
[Site "Warsaw POL"]
[Date "2013.12.14"]
[Round "4.3"]
[White "Dreev, Aleksey"]
[Black "Zwardon, Vojtech"]
[Result "1-0"]
[WhiteTitle "GM"]
[BlackTitle "IM"]
[WhiteElo "2673"]
[BlackElo "2383"]
[WhiteFideId "4100107"]
[BlackFideId "325511"]
[EventDate "2013.12.14"]
[EventType "swiss"]

1. d4 Nf6 2. c4 e5 3. dxe5 Ng4 4. Bf4 g5 5. Bd2 Nxe5 6. Nf3 Bg7 7. Nxe5 Bxe5 8.
Nc3 d6 9. g3 Be6 10. Bg2 Nc6 11. Nd5 g4 12. Be3 h5 13. Qd2 f6 14. f4 gxf3 15.
exf3 f5 16. O-O-O Qd7 17. Bg5 Rg8 18. Rhe1 Kf8 19. f4 Bg7 20. Nxc7 Bxc4 21. Nxa8
Nd4 22. Qb4 b5 23. Re7 Ne2+ 24. Kb1 Qc8 25. Rxe2 Qa6 26. Qxd6+ 1-0

[Event "ch-European Rapid 2013"]
[Site "Warsaw POL"]
[Date "2013.12.14"]
[Round "4.4"]
[White "Fargere, Francois"]
[Black "Wojtaszek, Radoslaw"]
[Result "0-1"]
[WhiteTitle "GM"]
[BlackTitle "GM"]
[WhiteElo "2446"]
[BlackElo "2711"]
[WhiteFideId "615935"]
[BlackFideId "1118358"]
[EventDate "2013.12.14"]
[EventType "swiss"]

1. e4 c6 2. d4 d5 3. Nd2 dxe4 4. Nxe4 Nd7 5. Ng5 Ngf6 6. Bd3 e6 7. N1f3 Bd6 8.
Qe2 h6 9. Ne4 Nxe4 10. Qxe4 Qc7 11. Bd2 b6 12. O-O-O Bb7 13. Qe2 O-O-O 14. Kb1
Kb8 15. Rhe1 c5 16. Be4 Bxe4 17. Qxe4 Nf6 18. Qe2 c4 19. Bc1 Nd5 20. Ne5 Rc8 21.
Qh5 Rhf8 22. Qg4 Rg8 23. Qh5 Rcf8 24. g3 b5 25. f4 g6 26. Qe2 h5 27. h3 Ka8 28.
Qe4 Rb8 29. g4 hxg4 30. hxg4 Rb6 31. f5 gxf5 32. gxf5 c3 33. Rg1 Rc8 34. Rg7
cxb2 35. Bxb2 Bxe5 36. dxe5 Qc6 37. Re1 Rb7 38. fxe6 fxe6 39. Rxb7 Kxb7 40. a3
Rh8 41. Qd3 Rh2 42. Rg1 Nb6 43. Rg7+ Ka6 44. Bd4 Rh1+ 45. Rg1 Nc4 46. Rxh1 Qxh1+
47. Ka2 Qd5 48. Kb1 Nxe5 49. Bxe5 Qxe5 50. Qd7 Kb6 51. Qd8+ Qc7 52. Qd4+ Kb7 53.
Kb2 a6 54. Qe4+ Qc6 55. Qd4 Qd5 56. Qg7+ Kb6 57. Qg1+ Qc5 58. Qg6 Qe5+ 59. Kb1
Kc5 60. Qf7 Kb6 61. Qf2+ Qc5 62. Qf6 Qd6 63. Qf2+ Ka5 64. Qe3 e5 65. Qc3+ b4 66.
Qe1 Ka4 67. Qg3 bxa3 68. Ka2 Qd5+ 69. Kb1 0-1

[Event "ch-European Rapid 2013"]
[Site "Warsaw POL"]
[Date "2013.12.14"]
[Round "4.5"]
[White "Cheparinov, Ivan"]
[Black "Shkapenko, Pavel"]
[Result "1-0"]
[WhiteTitle "GM"]
[BlackTitle "IM"]
[WhiteElo "2672"]
[BlackElo "2406"]
[WhiteFideId "2905540"]
[BlackFideId "4151933"]
[EventDate "2013.12.14"]
[EventType "swiss"]

1. d4 Nf6 2. c4 e6 3. Nf3 Bb4+ 4. Nbd2 O-O 5. a3 Be7 6. e4 d6 7. Be2 Nbd7 8. Qc2
c5 9. e5 dxe5 10. dxe5 Ng4 11. Qe4 f5 12. exf6 Ndxf6 13. Qd3 Qc7 14. h3 Nh6 15.
Ne4 Nf5 16. O-O Qc6 17. Nxf6+ Bxf6 18. Rb1 b6 19. Ne5 Qc7 20. Ng4 Bb7 21. Nxf6+
Rxf6 22. Bg4 Rd8 23. Qc3 Be4 24. Bg5 Rd3 25. Qe1 Qc6 26. f3 Re3 27. Qd2 Bxb1 28.
Bxf6 Bd3 29. Rd1 Qa4 30. Bxf5 exf5 31. Bg5 f4 32. Bxf4 Be2 33. Re1 1-0

[Event "ch-European Rapid 2013"]
[Site "Warsaw POL"]
[Date "2013.12.14"]
[Round "4.6"]
[White "Kuzmicz, Krystian"]
[Black "Ragger, Markus"]
[Result "1/2-1/2"]
[WhiteTitle "IM"]
[BlackTitle "GM"]
[WhiteElo "2451"]
[BlackElo "2646"]
[WhiteFideId "1119125"]
[BlackFideId "1610856"]
[EventDate "2013.12.14"]
[EventType "swiss"]

1. c4 c5 2. g3 Nc6 3. Bg2 g6 4. Nc3 Bg7 5. d3 e6 6. e4 Nge7 7. Nge2 O-O 8. O-O
d6 9. Rb1 b6 10. Be3 Nd4 11. e5 Rb8 12. exd6 Qxd6 13. Ne4 Qd7 14. Nxd4 cxd4 15.
Bh6 Bb7 16. Bxg7 Kxg7 17. b4 h6 18. Nd2 Bxg2 19. Kxg2 b5 20. Qe2 Nc6 21. a3 e5
22. Rfc1 Rfe8 23. cxb5 Rxb5 24. Qf3 Ne7 25. Rc5 Nd5 26. Rbc1 a6 27. Rxb5 axb5
28. Rc5 Rd8 29. Qe4 f6 30. h4 Nc3 31. Qf3 Rc8 32. Ne4 f5 33. Rxc8 Qxc8 34. Nc5
Kf6 35. h5 Kg5 36. hxg6 Kxg6 37. Kh2 Kg5 38. Qg2 Kg6 39. f4 Qc7 40. Kh3 Kh7 41.
fxe5 Qxe5 42. Qb7+ Kg6 43. Qc6+ Qf6 44. Qe8+ Qf7 45. Qe5 Qf6 46. Qe8+ Qf7 47.
Qe5 Qf6 48. Qe8+ 1/2-1/2

[Event "ch-European Rapid 2013"]
[Site "Warsaw POL"]
[Date "2013.12.14"]
[Round "4.7"]
[White "Moiseenko, Alexander"]
[Black "Meribanov, Vitaly"]
[Result "1-0"]
[WhiteTitle "GM"]
[BlackTitle "IM"]
[WhiteElo "2713"]
[BlackElo "2412"]
[WhiteFideId "14102560"]
[BlackFideId "13504363"]
[EventDate "2013.12.14"]
[EventType "swiss"]

1. d4 Nf6 2. c4 c5 3. d5 b5 4. cxb5 a6 5. e3 axb5 6. Bxb5 Qa5+ 7. Nc3 Bb7 8. e4
Nxe4 9. Ne2 Nxc3 10. Nxc3 Ba6 11. Bxa6 Qxa6 12. Qb3 e5 13. Nb5 Qb6 14. O-O d6
15. f4 Nd7 16. a4 Rb8 17. Qg3 g6 18. fxe5 Nxe5 19. b4 c4+ 20. Be3 Qd8 21. Rae1
Bg7 22. Nxd6+ Qxd6 23. Bc5 Qxd5 24. Rd1 Qe6 25. a5 Bf8 26. Ba7 Rxb4 27. Bd4 Bd6
28. Bc3 Rb5 29. Qh4 f5 30. Qh6 Bf8 31. Qd2 Bc5+ 32. Kh1 O-O 33. Rfe1 Be7 34. a6
Qxa6 35. Bxe5 Bb4 36. Qh6 Rb7 37. Re3 Bd2 38. h4 Bxe3 39. Qxe3 Qe6 40. Rd6 Rb1+
41. Kh2 Qe7 42. Qd4 Re8 43. Qxc4+ Qf7 44. Qd4 Rb7 45. h5 Rbe7 46. Rf6 Qg7 47.
Qd5+ Kh8 48. Bd4 Re4 49. Bb2 Rh4+ 50. Kg1 Qa7+ 51. Rb6+ 1-0

[Event "ch-European Rapid 2013"]
[Site "Warsaw POL"]
[Date "2013.12.14"]
[Round "4.9"]
[White "Tkachiev, Vladislav"]
[Black "Nedilko, Vasily"]
[Result "1-0"]
[WhiteTitle "GM"]
[BlackTitle "IM"]
[WhiteElo "2637"]
[BlackElo "2399"]
[WhiteFideId "618438"]
[BlackFideId "14101459"]
[EventDate "2013.12.14"]
[EventType "swiss"]

1. Nf3 Nf6 2. c4 g6 3. g3 Bg7 4. Bg2 O-O 5. O-O d5 6. cxd5 Nxd5 7. d4 Nb6 8. Be3
Nc6 9. Qc1 Re8 10. Rd1 Bg4 11. Nc3 Qc8 12. d5 Bxf3 13. Bxf3 Ne5 14. Bg2 c6 15.
dxc6 Nxc6 16. Nb5 Nd7 17. Nxa7 Nxa7 18. Qxc8 Nxc8 19. Rxd7 Bxb2 20. Bxb7 Ra5 21.
Rb1 Bf6 22. Bd5 Nd6 23. Bb3 Ne4 24. Rc1 Nc3 25. Rc2 Rea8 26. Bb6 R5a6 27. Bc5 e6
28. a3 Nb5 29. a4 Nc3 30. Bb4 Nd5 31. Bd2 R6a7 32. Bxd5 exd5 33. Rxa7 Rxa7 34.
a5 Kg7 35. Rc6 Bd8 36. a6 Bf6 1-0

[Event "ch-European Rapid 2013"]
[Site "Warsaw POL"]
[Date "2013.12.14"]
[Round "4.10"]
[White "Drozdowski, Kacper"]
[Black "Azarov, Sergei"]
[Result "1-0"]
[WhiteTitle "IM"]
[BlackTitle "GM"]
[WhiteElo "2463"]
[BlackElo "2616"]
[WhiteFideId "1136720"]
[BlackFideId "13501470"]
[EventDate "2013.12.14"]
[EventType "swiss"]

1. e4 e5 2. Nf3 Nc6 3. Bb5 a6 4. Ba4 Nf6 5. Qe2 b5 6. Bb3 Be7 7. c3 O-O 8. O-O
d5 9. d3 d4 10. cxd4 Nxd4 11. Nxd4 Qxd4 12. Be3 Qd6 13. h3 Bb7 14. Nc3 Rad8 15.
Rfd1 c5 16. Rac1 h6 17. a4 Qb8 18. axb5 axb5 19. Qc2 Ba8 20. Ra1 Bc6 21. Ne2 c4
22. Ng3 Bxe4 23. dxe4 cxb3 24. Qxb3 Rxd1+ 25. Rxd1 Rd8 26. Ra1 Bf8 27. Ra6 Qc8
28. Qxb5 Rd1+ 29. Kh2 Rb1 30. Bxh6 Rxb2 31. Qxb2 Qxa6 32. Bg5 Nd7 33. Nf5 Qc4
34. Qb7 Qe6 35. Qc8 f6 36. Be3 Kh7 37. Qc2 g6 38. Ng3 Bh6 39. Bxh6 Kxh6 40. h4
Qd6 41. h5 Nc5 42. Qe2 Ne6 43. hxg6 Kxg6 44. Qh5+ 1-0

[Event "ch-European Rapid 2013"]
[Site "Warsaw POL"]
[Date "2013.12.14"]
[Round "4.11"]
[White "Rapport, Richard"]
[Black "Zambo, Zoltan"]
[Result "1-0"]
[WhiteTitle "GM"]
[BlackTitle "FM"]
[WhiteElo "2687"]
[BlackElo "2399"]
[WhiteFideId "738590"]
[BlackFideId "722146"]
[EventDate "2013.12.14"]
[EventType "swiss"]

1. e4 c5 2. b3 b6 3. Bb2 Bb7 4. Nc3 Nc6 5. f4 e6 6. Nf3 d6 7. Qe2 a6 8. O-O-O
Qc7 9. g4 Rc8 10. h4 Nd4 11. Qe3 Nxf3 12. Qxf3 Ne7 13. g5 h6 14. Bh3 d5 15. g6
Nxg6 16. exd5 Qxf4 17. Qe2 Be7 18. Rhf1 Qe5 19. dxe6 f6 20. Qg4 Nxh4 21. Qxh4
Rd8 22. Bf5 Rd6 23. Ne4 Qd5 24. Nxd6+ Qxd6 25. Rde1 b5 26. Re3 1-0

[Event "ch-European Rapid 2013"]
[Site "Warsaw POL"]
[Date "2013.12.14"]
[Round "4.12"]
[White "Perunovic, Milos"]
[Black "Razin, Vadim"]
[Result "1-0"]
[WhiteTitle "GM"]
[WhiteElo "2622"]
[BlackElo "2301"]
[WhiteFideId "921629"]
[BlackFideId "14119463"]
[EventDate "2013.12.14"]
[EventType "swiss"]

1. e4 e6 2. d4 d5 3. Nc3 Bb4 4. e5 Qd7 5. a3 Bxc3+ 6. bxc3 b6 7. Qg4 f5 8. Qg3
Ba6 9. Bxa6 Nxa6 10. Ne2 Nb8 11. Nf4 Nc6 12. Nxe6 Qxe6 13. Qxg7 Qg6 14. Qxh8
O-O-O 15. O-O Rd7 16. Re1 Rg7 17. g3 Kb7 18. e6 Nf6 19. Qf8 Ne4 20. a4 Qg4 21.
a5 a6 22. Kg2 Nxc3 23. f3 Qg6 24. e7 f4 25. e8=Q 1-0

[Event "ch-European Rapid 2013"]
[Site "Warsaw POL"]
[Date "2013.12.14"]
[Round "4.13"]
[White "Putka, Verners"]
[Black "Sargissian, Gabriel"]
[Result "0-1"]
[BlackTitle "GM"]
[WhiteElo "2323"]
[BlackElo "2675"]
[WhiteFideId "11600659"]
[BlackFideId "13300881"]
[EventDate "2013.12.14"]
[EventType "swiss"]

1. Nf3 d5 2. c4 e6 3. g3 dxc4 4. Na3 Bxa3 5. bxa3 Bd7 6. Qc2 Bc6 7. Qxc4 Bxf3 8.
exf3 Nd7 9. Bb2 Ngf6 10. Bg2 O-O 11. O-O c6 12. f4 Qa5 13. Qc2 Rfd8 14. Rfe1 Nb6
15. d3 Nfd5 16. Re4 Nd7 17. Rb1 Qc5 18. Rc4 Qf8 19. Bc1 Rab8 20. Bh3 N7b6 21.
Re4 Nf6 22. Reb4 Qe7 23. Bb2 Nbd5 24. Rc4 Nd7 25. Re1 Qd6 26. Rce4 N5f6 27. Be5
Qxa3 28. Bxb8 Nxe4 29. Bc7 Rc8 30. Rxe4 Rxc7 31. Ra4 Qc5 32. Qxc5 Nxc5 33. Rxa7
g6 34. Bf1 Rd7 35. Ra3 Kf8 36. Rc3 Na6 37. d4 Nb4 38. a3 Nd5 39. Rb3 Ne7 40. g4
Nd5 41. f5 exf5 42. gxf5 gxf5 43. Bh3 Ne7 44. Kg2 Kg7 45. a4 Kf6 46. a5 Ng6 47.
Kg3 Rxd4 48. Rxb7 Rd3+ 49. f3 Ra3 50. Ra7 f4+ 51. Kg2 Nh4+ 52. Kg1 Nxf3+ 53. Kf2
Nxh2 54. Bd7 Ra2+ 55. Kg1 f3 0-1

[Event "ch-European Rapid 2013"]
[Site "Warsaw POL"]
[Date "2013.12.14"]
[Round "4.14"]
[White "Pedzich, Dominik"]
[Black "Ivanisevic, Ivan"]
[Result "1/2-1/2"]
[WhiteTitle "IM"]
[BlackTitle "GM"]
[WhiteElo "2384"]
[BlackElo "2626"]
[WhiteFideId "1100130"]
[BlackFideId "912417"]
[EventDate "2013.12.14"]
[EventType "swiss"]

1. e4 c5 2. Nf3 Nc6 3. Bb5 b6 4. O-O Bb7 5. Re1 e6 6. c3 a6 7. Bf1 g5 8. d4 g4
9. Ne5 Nxe5 10. dxe5 h5 11. Nd2 b5 12. a4 Bc6 13. Nb3 bxa4 14. Nd2 Ne7 15. Nc4
Ng6 16. Be3 Qb8 17. Na5 Nxe5 18. Bf4 Nf3+ 19. Qxf3 gxf3 20. Bxb8 fxg2 21. Bxg2
Rxb8 22. Nxc6 dxc6 23. e5 Rg8 24. Kf1 Bh6 25. Rxa4 Rxb2 26. Rxa6 Kf8 27. Rxc6
Bd2 28. Ra1 Bxc3 29. Rc7 Bd4 30. Re1 1/2-1/2

[Event "ch-European Rapid 2013"]
[Site "Warsaw POL"]
[Date "2013.12.14"]
[Round "4.15"]
[White "Beinoras, Mindaugas"]
[Black "Miton, Kamil"]
[Result "0-1"]
[WhiteTitle "IM"]
[BlackTitle "GM"]
[WhiteElo "2404"]
[BlackElo "2591"]
[WhiteFideId "12802085"]
[BlackFideId "1111914"]
[EventDate "2013.12.14"]
[EventType "swiss"]

1. d4 Nf6 2. c4 Nc6 3. Nf3 e6 4. a3 d6 5. Nc3 g6 6. e4 Bg7 7. d5 Ne7 8. dxe6
Bxe6 9. Be2 O-O 10. O-O Bg4 11. Be3 Nc6 12. h3 Bxf3 13. Bxf3 Re8 14. Qc2 a5 15.
Rad1 Nd7 16. c5 dxc5 17. Bxc5 Qc8 18. Be3 Nf8 19. Bg4 Ne6 20. Nb5 h5 21. Be2 Rd8
22. Rxd8+ Qxd8 23. Rd1 Qf6 24. b3 Qe7 25. Bc4 Ncd8 26. a4 Nc6 27. Bxe6 fxe6 28.
Qc4 Qf7 29. Nd4 Bxd4 30. Bxd4 Rd8 31. Rd2 e5 32. Bc3 Rxd2 33. Bxd2 Qxc4 34. bxc4
Kf7 35. g3 Ke6 36. f4 b6 37. Kf2 Nb4 38. Ke2 Nc6 39. Be3 Na7 40. Kd3 c5 41. g4
hxg4 42. hxg4 exf4 43. Bxf4 Nc6 44. Bc7 Ne5+ 45. Kc3 Nxg4 46. Bxb6 Nf2 47. Bxa5
Kd6 48. e5+ Kxe5 49. Bc7+ Ke6 50. a5 Kd7 51. Bf4 Kc6 52. Be3 Nd1+ 53. Kd3 Nxe3
54. Kxe3 Kb7 55. Ke4 g5 56. Kd5 g4 57. Kxc5 g3 58. Kd6 g2 59. c5 g1=Q 0-1

[Event "ch-European Rapid 2013"]
[Site "Warsaw POL"]
[Date "2013.12.14"]
[Round "4.16"]
[White "Przybylski, Wojciech"]
[Black "Jussupow, Artur"]
[Result "1/2-1/2"]
[WhiteTitle "FM"]
[BlackTitle "GM"]
[WhiteElo "2342"]
[BlackElo "2583"]
[WhiteFideId "1117599"]
[BlackFideId "4618777"]
[EventDate "2013.12.14"]
[EventType "swiss"]

1. e4 e6 2. d4 d5 3. Nc3 Bb4 4. a3 Bxc3+ 5. bxc3 Ne7 6. Bd3 c5 7. dxc5 dxe4 8.
Bxe4 Qxd1+ 9. Kxd1 Nd7 10. Be3 Nf6 11. Bf3 e5 12. Rb1 Ned5 13. Bd2 e4 14. Be2
O-O 15. c4 Nc7 16. Nh3 Rd8 17. Kc1 Bg4 18. Bxg4 Nxg4 19. Rxb7 Ne6 20. c6 Rdc8
21. Re1 Nc5 22. Bb4 Ne6 23. Rxe4 Nf6 24. Rxe6 fxe6 25. c7 Ne8 26. Ba5 Nd6 27.
Rb4 Ne8 28. Rb7 Nd6 29. Rb4 Ne8 1/2-1/2

[Event "ch-European Rapid 2013"]
[Site "Warsaw POL"]
[Date "2013.12.14"]
[Round "4.17"]
[White "Krasenkow, Michal"]
[Black "Kantans, Toms"]
[Result "0-1"]
[WhiteTitle "GM"]
[BlackTitle "FM"]
[WhiteElo "2633"]
[BlackElo "2412"]
[WhiteFideId "1113100"]
[BlackFideId "11602945"]
[EventDate "2013.12.14"]
[EventType "swiss"]

1. d4 Nf6 2. c4 g6 3. Nc3 d5 4. cxd5 Nxd5 5. e4 Nxc3 6. bxc3 Bg7 7. Bg5 c5 8.
Rc1 Qa5 9. Qd2 Nc6 10. d5 Ne5 11. f4 h6 12. Bh4 g5 13. fxe5 gxh4 14. Nf3 Bg4 15.
Qf4 Bxf3 16. gxf3 h5 17. Qf5 c4 18. Bxc4 Qc5 19. Be2 Bh6 20. Rc2 Rg8 21. e6 Rg1+
22. Rxg1 Qxg1+ 23. Bf1 Qe3+ 24. Kd1 fxe6 25. Qxh5+ Kd8 26. dxe6 Rc8 27. Qd5+ Kc7
28. Qe5+ Kc6 29. Qd5+ Kc7 30. Qd7+ Kb8 31. Qd3 Qb6 32. Rd2 Bxd2 33. Qxd2 Rd8 34.
Bd3 Qxe6 35. f4 h3 36. f5 Qd6 37. Kc2 Rg8 38. Bf1 Rg2 0-1

[Event "ch-European Rapid 2013"]
[Site "Warsaw POL"]
[Date "2013.12.14"]
[Round "4.18"]
[White "Tregubov, Vadim"]
[Black "Dubov, Daniil"]
[Result "0-1"]
[BlackTitle "GM"]
[WhiteElo "2371"]
[BlackElo "2629"]
[WhiteFideId "14119595"]
[BlackFideId "24126055"]
[EventDate "2013.12.14"]
[EventType "swiss"]

1. e4 c5 2. Nf3 e6 3. d4 cxd4 4. Nxd4 Nc6 5. Nc3 a6 6. Be2 Qc7 7. f4 b5 8. Nxc6
dxc6 9. Be3 Bb7 10. O-O Rd8 11. Qe1 c5 12. Bf3 Nf6 13. e5 Bxf3 14. Rxf3 Nd5 15.
Nxd5 Rxd5 16. c4 bxc4 17. Qc3 Be7 18. Qxc4 Qb7 19. b3 O-O 20. Rc1 Rfd8 21. h3 h5
22. Kh2 h4 23. Qe4 Qb5 24. Rc4 g6 25. Qc2 Rd1 26. Bxc5 Bxc5 27. Rxc5 Qb4 28. Rc8
Qd4 29. Rxd8+ Qxd8 30. Qe2 a5 31. Rc3 Kg7 32. Rc2 Qd4 33. Qf2 Qd8 34. Re2 Rd4
35. Re1 Rd3 36. Re4 Qd5 37. Re3 Rd2 38. Re2 Rxe2 39. Qxe2 Qd4 40. Qg4 Qf2 41. a3
Qe1 42. b4 a4 43. b5 Qb1 44. f5 Qxb5 45. f6+ Kg8 46. Qd4 Qb3 47. Qxh4 Qxa3 48.
Qh6 Qf8 49. Qf4 a3 50. Qa4 Qc5 51. Qe8+ Qf8 52. Qa4 Qb8 53. Kh1 Qb1+ 54. Kh2 Qb8
55. Kh1 Qb1+ 56. Kh2 Qb8 57. Kh1 g5 58. h4 Kh7 59. Qe4+ Kh6 60. Qe3 Qb1+ 61. Kh2
Qf5 62. Qxa3 Qxe5+ 63. g3 Kg6 64. hxg5 Qxg5 65. Qd3+ Qf5 66. Qd8 Qh5+ 67. Kg2
Qd5+ 68. Qxd5 exd5 69. Kf3 Kxf6 70. Kf4 Ke6 71. g4 f6 0-1

[Event "ch-European Rapid 2013"]
[Site "Warsaw POL"]
[Date "2013.12.14"]
[Round "4.19"]
[White "Klekowski, Maciej"]
[Black "Neiksans, Arturs"]
[Result "1/2-1/2"]
[BlackTitle "GM"]
[WhiteElo "2402"]
[BlackElo "2560"]
[WhiteFideId "1132717"]
[BlackFideId "11601388"]
[EventDate "2013.12.14"]
[EventType "swiss"]

1. c4 e5 2. g3 Nf6 3. Bg2 d5 4. cxd5 Nxd5 5. Nc3 Nb6 6. Nf3 Nc6 7. O-O Be7 8. a3
Be6 9. b4 Nd4 10. Nxd4 exd4 11. Na4 Bd5 12. Bb2 Bxg2 13. Kxg2 Qd5+ 14. Kg1 O-O
15. Rc1 c6 16. d3 Rfc8 17. Re1 Nxa4 18. Qxa4 h5 19. e4 dxe3 20. Rxe3 Bd6 21. h4
Re8 22. Rce1 Rxe3 23. Rxe3 a5 24. bxa5 Rxa5 25. Qc2 Ra8 26. Qe2 f6 27. Re8+ Rxe8
28. Qxe8+ Bf8 29. Bc3 Qd6 30. Qxh5 Qxa3 31. Bxf6 gxf6 32. Qg4+ Kf7 33. Qh5+ Ke6
34. Qg4+ Ke7 35. Qe4+ Kd8 36. h5 Qa1+ 37. Kh2 Qe5 38. Qh7 Qe7 39. Qg8 Qg7 40.
Qa2 Bd6 41. Qa8+ Kc7 42. Qa5+ Kc8 43. Qa8+ Bb8 44. Qa2 b5 45. Qe6+ Kb7 46. Qe4
Bd6 47. d4 Qg5 48. Qe8 b4 49. f4 Qg7 50. d5 Qc7 51. h6 cxd5 52. Qb5+ Ka7 53.
Qxd5 Bf8 54. Qd4+ Qb6 55. Qd7+ Qb7 56. Qd4+ Qb6 57. Qd7+ Qb7 58. Qd4+ Qb6 1/2-1/2

[Event "ch-European Rapid 2013"]
[Site "Warsaw POL"]
[Date "2013.12.14"]
[Round "4.20"]
[White "Antipov, Mikhail Al."]
[Black "Szczepkowska-Horowska, Karina"]
[Result "1-0"]
[WhiteTitle "GM"]
[BlackTitle "WGM"]
[WhiteElo "2511"]
[BlackElo "2405"]
[WhiteFideId "4107012"]
[BlackFideId "1122681"]
[EventDate "2013.12.14"]
[EventType "swiss"]

1. e4 e5 2. Nf3 Nc6 3. Bb5 a6 4. Ba4 Nf6 5. O-O Be7 6. Re1 b5 7. Bb3 O-O 8. a4
Bb7 9. d3 d6 10. Nbd2 Na5 11. Ba2 c5 12. Nf1 b4 13. c3 Rb8 14. cxb4 cxb4 15. Ng3
b3 16. Bb1 Bc8 17. h3 h6 18. d4 Qc7 19. Nh4 Re8 20. Nhf5 Bf8 21. Qf3 Nh7 22. h4
Nc6 23. d5 Ne7 24. Ne3 Ng6 25. Ngf5 Ne7 26. Ng3 Ng6 27. h5 Nh4 28. Qe2 Ng5 29.
Ngf1 g6 30. Nh2 gxh5 31. Qxh5 Ng6 32. Nhg4 Qe7 33. Nf5 Bxf5 34. exf5 Nf4 35.
Bxf4 exf4 36. Rxe7 Rxe7 37. Bd3 1-0

[Event "ch-European Rapid 2013"]
[Site "Warsaw POL"]
[Date "2013.12.14"]
[Round "4.21"]
[White "Przedmojski, Rafal"]
[Black "Bryzgalin, Kirill"]
[Result "1/2-1/2"]
[BlackTitle "GM"]
[WhiteElo "2367"]
[BlackElo "2460"]
[WhiteFideId "1102451"]
[BlackFideId "4133285"]
[EventDate "2013.12.14"]
[EventType "swiss"]

1. e4 e5 2. Bc4 Nc6 3. d3 Nf6 4. Nc3 Be7 5. f4 exf4 6. Bxf4 d6 7. Nf3 O-O 8. a3
Be6 9. Bxe6 fxe6 10. Qd2 e5 11. Be3 Ng4 12. O-O Qd7 13. h3 Nxe3 14. Qxe3 Rae8
15. Nd5 Bd8 16. Kh2 a6 17. Rf2 Nb8 18. Raf1 c6 19. Nc3 Qe7 20. Ng1 Rxf2 21. Rxf2
Nd7 22. Rf1 Bb6 23. Qd2 Nf8 24. Nf3 Ne6 25. g3 g6 26. Kg2 Kg7 27. Nd1 Rf8 28.
Ne3 h5 29. h4 Rf7 30. Nh2 Rxf1 31. Nhxf1 Nd4 32. c3 Ne6 33. Nh2 Qf7 34. Nf3 Qe7
35. b4 Qe8 36. Nc4 Bc7 37. Ne3 Bb6 38. Nc4 Bc7 39. Ne3 Bb6 40. Nc4 1/2-1/2